Jemná masáž nohou odstraňování duševních bloků a čakry

Bibliographic Details
Main Author: Gruber-Keppler, Aline (Author)
Other Authors: Hallová, Vladana (Translator)
Format: Book
Language:Czech
German
PhysicalDescription:132 s. ilustr. 18 cm
Published: Bratislava Eugenika 2007
ISBN:9788089227976
Edition:[1. vyd.]
Subjects:

MARC

LEADER 00000nam a2200000 a 4500
001 vtls009178297
003 SK-MaSNL
005 20260301023743.0
008 240318s2007 xo a g 000 0 cze
015 |a SNBA2008/05-02363 
020 |a 9788089227976  |q (brož.) 
035 |a 00B2B154-93A2-40DB-8D57-6B0A08EEC526 
035 |a urn:nbn:sk:snk-amjern 
035 |a urn:nbn:sk:snk-am000zpt 
040 |a SNK  |b slo  |c SNK  |e AACR2 
041 1 |a cze  |h ger 
044 |a xo  |c SK 
072 7 |a 615.8  |x Fyzioterapia. Psychoterapia. Alternatívna medicína  |2 konspekt 
072 7 |a 133  |x Okultizmus  |2 konspekt 
080 |a 611.98  |2 2001 
080 |a 615.821  |2 2001 
080 |a 577.337  |2 2001 
080 |a 133.5:118  |2 2001 
100 1 |a Gruber-Keppler, Aline  |4 aut  |9 316649 
240 1 0 |a Sanfte Lichtarbeit am Fuss - Die Metamorphose  |l Česky 
245 1 0 |a Jemná masáž nohou  |b odstraňování duševních bloků a čakry  |c Aline Gruber-Keppler ; [z německého originálu přeložila Vladana Hallová] 
250 |a [1. vyd.] 
260 |a Bratislava  |b Eugenika  |c 2007 
300 |a 132 s.  |b ilustr.  |c 18 cm 
650 0 7 |a dolné končatiny  |2 SNKPH  |9 28862 
650 0 7 |a masáže  |2 SNKPH  |9 2528 
650 0 7 |a čakry  |2 SNKPH  |9 24351 
650 0 7 |a energetický systém človeka  |2 SNKPH  |9 67686 
650 0 7 |a Lower extremities  |2 SNKPHeng  |9 316650 
650 0 7 |a Massages  |2 SNKPHeng  |9 316651 
650 0 7 |a Chakra (hinduism)  |2 SNKPHeng  |9 316652 
650 0 7 |a Human bioenergetics  |2 SNKPHeng  |9 313146 
655 7 |a príručky  |2 SNKPH  |9 74364 
655 7 |a Handbooks, manuals, etc.  |2 SNKPHeng  |9 90964 
700 1 |a Hallová, Vladana  |4 trl  |9 316653 
919 |a 978-80-89227-97-6 
958 |a OP 
958 |a CZ 
958 |a NM 
968 |a Čes  |b ENG  |d 1 
999 |c 569801  |d 571731 
952 |a SNK  |b SNK  |y PREZ  |7 0  |p 17A0576895  |o snkSD 77116  |i snk2008/2190  |8 0  |0 0  |1 0  |4 0  |d 2008-01-28  |l 0  |r 2025-11-25 00:00:00  |w 2026-02-23 
952 |a SNK  |b SNK  |y VYP  |7 0  |p 17A0576894  |o snkSD 77116 D1  |i snk2008/2191  |8 0  |0 0  |1 0  |4 0  |d 2008-01-28  |l 0  |r 2017-06-30 00:00:00  |w 2026-02-23